| 000 | 01024nam a2200289Ia 4500 | ||
|---|---|---|---|
| 001 | Para_940 | ||
| 003 | CHAP | ||
| 008 | 220125s1995 xx 000 0 und d | ||
| 010 | _a199666 | ||
| 040 | _cCHAP | ||
| 090 | _aPA TESIS 905 | ||
| 100 |
_aEnriquez Martínez, Edgar _937042 |
||
| 245 |
_aDeterminación del periodo critico de competencia entre la maleza y haba (Vicia faba L.) y efecto sobre los componentes del rendimiento en Chapingo, México / _c por Edgar Enriquez Martínez |
||
| 260 |
_aChapingo, Méx. : _b El autor |
||
| 300 | _a60 h. | ||
| 502 | _aTesis (Ing. Agr. Esp. en Parasitología Agrícola) -- UACh. Depto. Parasitología | ||
| 650 |
_aHaba _x malas hierbas _952113 |
||
| 650 |
_aHaba _x rendimiento Haba _x México _9164869 |
||
| 710 |
_aUACh. Departamento Parasitología Agrícola _9164025 |
||
| 901 | _aPA TESIS 905 | ||
| 902 | _aA | ||
| 905 | _a0000001995 i 0000000000 00 | ||
| 910 | _a1995 | ||
| 942 | _cPARA | ||
| 942 |
_cPARA _d1 |
||
| 999 |
_c199666 _d199666 |
||